000 00412nam a22001217a 4500
082 _a200 THE
100 _aMuhammad Uzair Khan
_948417
245 _aTH-SOF-1689-Simulation and Mathematical Modelling of Aircraft Flying Qualities with Varying Tail Dihedral
260 _aISLAMABAD
_bNUST COLLEGE OF EME
_c2019
650 _aMS-MECH-2016 MSTHESIS
700 _aSupervisor Dr. Naveed Akmal Din
_970374
942 _cCF
999 _c577464
_d577464